Improved standards of homeless housing (Record no. 72662)
[ view plain ]
| 000 -LEADER | |
|---|---|
| fixed length control field | 01063cam a2200193 4500 |
| 001 - CONTROL NUMBER | |
| control field | WB3918-12 |
| 008 - FIXED-LENGTH DATA ELEMENTS--GENERAL INFORMATION | |
| fixed length control field | 030514n2003 000 0 eng u |
| 035 ## - SYSTEM CONTROL NUMBER | |
| System control number | (Sirsi) u122260 |
| 245 ## - TITLE STATEMENT | |
| Title | Improved standards of homeless housing |
| 260 ## - PUBLICATION, DISTRIBUTION, ETC. | |
| Date of publication, distribution, etc. | 2003 |
| 490 ## - SERIES STATEMENT | |
| Series statement | ODPM News Release |
| Volume/sequential designation | (086) 13 May 2003 (2) |
| 520 ## - SUMMARY, ETC. | |
| Summary, etc. | A new consultation proposes statutory guidance to enforce minimum standards for bed and breakfast hotels housing homeless people. "Improving standards of accommodation for homeless households placed in temporary accommodation by housing authorities" addresses areas such as size and occupancy of levels of rooms, location of cooking and bathing facilities and management standards. Consultation ends 5 August 2003. Consultation document at www.homelessness.odpm.gov.uk/bedandbreakfast/pubs/temporary/index.htm. www.odpm.gov.uk/pns/DisplayPN.cgi?pn_id=2003_0086 |
| 590 ## - LOCAL NOTE (RLIN) | |
| Local note | WB |
| 650 ## - SUBJECT ADDED ENTRY--TOPICAL TERM | |
| Topical term or geographic name entry element | TEMPORARY ACCOMMODATION |
| 650 ## - SUBJECT ADDED ENTRY--TOPICAL TERM | |
| Topical term or geographic name entry element | HOMELESS |
| 650 ## - SUBJECT ADDED ENTRY--TOPICAL TERM | |
| Topical term or geographic name entry element | BED AND BREAKFAST ACCOMMODATION |
| 690 ## - LOCAL SUBJECT ADDED ENTRY--TOPICAL TERM (OCLC, RLIN) | |
| Topical term or geographic name as entry element | Affordable housing |
| 9 (RLIN) | 6215 |
| 942 ## - ADDED ENTRY ELEMENTS (KOHA) | |
| Suppress in OPAC | 0 |
| Withdrawn status | Lost status | Source of classification or shelving scheme | Damaged status | Not for loan | Home library | Current library | Shelving location | Date acquired | Total Checkouts | Full call number | Barcode | Date last seen | Copy number | Price effective from | Koha item type |
|---|---|---|---|---|---|---|---|---|---|---|---|---|---|---|---|
| Dewey Decimal Classification | London | London | News article | 14/05/2003 | WB3918-12 | 122260-1001 | 06/08/2019 | 1 | 06/08/2019 | News article |